000 00555cam a2200217ua 4500
001 9128
005 20260515114428.0
008 160617n ii |||gr||||Z||||||asm
040 _cMAIN
041 _aasm
082 _a891.451
100 _aPathak, R.,
_eEditor.
245 _aSahitya sourabh
_cEdited by Ramesh Pathak
250 _a1st.
260 _aGuwahati:
_bChandra,
_c2011.
300 _a132p.
653 _aEast Indo-European & Celtic literatures
653 _aAssamese literature
653 _aHigh secondary 2nd year Assamese
942 _cBK
999 _c8193
_d8193